| 000 | 01170nam a22002657a 4500 | ||
|---|---|---|---|
| 005 | 20110707122046.0 | ||
| 008 | 110707t xxu||||| |||| 00| 0 mar d | ||
| 010 | _aMAR-21039 | ||
| 020 |
_a9788184982404 _c270.00 |
||
| 035 | _aMR-13697 | ||
| 037 | _bDBAD/PUB | ||
| 040 |
_aDPL _bMR |
||
| 082 | _a891.46301 | ||
| 100 |
_aवडके,(कवळे) प्रमोदिनी _929210 |
||
| 245 |
_aदिवा / _cप्रमोदिनी वडके (कवळे) |
||
| 246 |
_aDiva _bby JPramodini Vadeke(Kavle) |
||
| 260 |
_aपुणे _bमेहता पब्लिशिंग हाऊस _c2011 |
||
| 270 |
_a1941,सदाशिव पेठ,माडीवाले कॉलनी _bपुणे _e411030 |
||
| 300 |
_aनऊ,258पृ. _c22सेमी(अजिल्द) |
||
| 650 |
_aमराठी कथासंग्रह _929234 |
||
| 650 |
_aMarathi Short Stories _929235 |
||
| 700 | _929211 | ||
| 942 |
_2ddc _cMR _h891.46301 _mवडके |
||
| 999 |
_c53639 _d53639 |
||